Recommendations For The Inspection, Maintenance And Management Of Car Park Structures, (Record no. 14224)

000 -LEADER
fixed length control field 00362nam a2200133Ia 4500
008 - FIXED-LENGTH DATA ELEMENTS--GENERAL INFORMATION
fixed length control field 260210s9999 xx 000 0 und d
020 ## - INTERNATIONAL STANDARD BOOK NUMBER
International Standard Book Number 9780727758392
082 ## - DEWEY DECIMAL CLASSIFICATION NUMBER
Classification number 690.538
100 ## - MAIN ENTRY--PERSONAL NAME
Personal name Whapples
245 #0 - TITLE STATEMENT
Title Recommendations For The Inspection, Maintenance And Management Of Car Park Structures,
250 ## - EDITION STATEMENT
Edition statement 2Nd Ed.
260 ## - PUBLICATION, DISTRIBUTION, ETC. (IMPRINT)
Name of publisher, distributor, etc TTL
942 ## - ADDED ENTRY ELEMENTS (KOHA)
Item type B.PLAN
Source of classification or shelving scheme
Holdings
Withdrawn status Lost status Source of classification or shelving scheme Damaged status Koha normalized classification for sorting Not for loan Permanent location Current location Shelving location Date acquired Full call number Barcode Date last seen Price effective from Koha item type
        690_538000000000000   BMS College of Architecture, Design and Planning BMS College of Architecture, Design and Planning General Stacks 2025-12-03 690.538 AR-UG5080 2026-02-10 2026-02-10 B.PLAN
Copyright © 2025, The Librarian, Library and Information Centre, BMSCA D&P, Bengaluru. All Rights Reserved
web counter

Powered by Koha